| 000 | 00836cam a2200133ua 4500 | ||
|---|---|---|---|
| 041 |
_aeng _h |
||
| 110 | 1 |
_aCentre for Science and environment . _b _c(New Delhi ) |
|
| 245 | _aFloods, flood plains and environmental myths | ||
| 260 |
_aNew Delhi : _bCentre for Science and Environment , _c2005. |
||
| 300 |
_a ; _e`. |
||
| 504 | _a | ||
| 942 | _cBK | ||
| 999 |
_c13025 _d13025 |
||